საქართველოს სტატისტიკური წელიწდეული (Record no. 1906)

000 -LEADER
fixed length control field 01460nam a22002057a 4500
003 - CONTROL NUMBER IDENTIFIER
control field OSt
005 - DATE AND TIME OF LATEST TRANSACTION
control field 20210427064941.0
008 - FIXED-LENGTH DATA ELEMENTS--GENERAL INFORMATION
fixed length control field 210304s2005 ||||| |||| 00| 0 eng d
020 ## - INTERNATIONAL STANDARD BOOK NUMBER
International Standard Book Number 9994007882
040 ## - CATALOGING SOURCE
Original cataloging agency eng
Language of cataloging eng
Transcribing agency DLC
041 ## - LANGUAGE CODE
Language code of text/sound track or separate title eng
-- geo
080 ## - UNIVERSAL DECIMAL CLASSIFICATION NUMBER
Universal Decimal Classification number 31
Item number ს-32
110 ## - MAIN ENTRY--CORPORATE NAME
9 (RLIN) 1242
Corporate name or jurisdiction name as entry element Ministry of Economic Development of Georgia, Department of Statistics
Subordinate unit საქართველოს ეკონომიკური განვითარების სამინისტრო, სტატისტიკის დეპარტამენტი
245 ## - TITLE STATEMENT
Title საქართველოს სტატისტიკური წელიწდეული
Remainder of title : Statistical Yearbook of Georgia
Statement of responsibility, etc. / by: საქართველოს ეკონომიკური განვითარების სამინისტრო, სტატისტიკის დეპარტამენტი /Ministry of Economic Development of Georgia, Department of Statistics
260 ## - PUBLICATION, DISTRIBUTION, ETC.
Place of publication, distribution, etc. თბილისი / Tbilisi
Name of publisher, distributor, etc. საქართველოს ეკონომიკური განვითარების სამინისტრო, სტატისტიკის დეპარტამენტი /Ministry of Economic Development of Georgia, Department of Statistics
Date of publication, distribution, etc. 2005
300 ## - PHYSICAL DESCRIPTION
Extent 325 p.
650 #0 - SUBJECT ADDED ENTRY--TOPICAL TERM
9 (RLIN) 268
Topical term or geographic name entry element Statistics
653 ## - INDEX TERM--UNCONTROLLED
Uncontrolled term სტატისტიკა
942 ## - ADDED ENTRY ELEMENTS (KOHA)
Source of classification or shelving scheme
Koha item type Books
Holdings
Withdrawn status Lost status Source of classification or shelving scheme Damaged status Not for loan Permanent location Current location Date acquired Inventory number Total Checkouts Full call number Barcode Date last seen Price effective from Koha item type
          Ken Walker International University Ken Walker International University 03/04/2021 1558   31 ს-32 1558 03/04/2021 03/04/2021 Books

Powered by Koha